ਕਰਜ਼ਈ ਸੁਪਨੇ / (Record no. 88016)

MARC details
000 -LEADER
fixed length control field 01105nam a22002777a 4500
005 - DATE AND TIME OF LATEST TRANSACTION
control field 20180213104738.0
008 - FIXED-LENGTH DATA ELEMENTS--GENERAL INFORMATION
fixed length control field 131126b xxu||||| |||| 00| 0 pun d
010 ## - LCCN (DPL NO)
LC control number PUN- B-578065-068 B-669999
020 ## - INTERNATIONAL STANDARD BOOK NUMBER
Terms of availability 250.00
International Standard Book Number 9789350177532
035 ## - SYSTEM CONTROL NUMBER
System control number PN- B-578065-068
035 ## - SYSTEM CONTROL NUMBER
System control number B-669999
037 ## - SOURCE OF ACQUISITION
Source of stock number/acquisition DBAD / PUB
037 ## - SOURCE OF ACQUISITION
Source of stock number/acquisition Unistar Books
037 ## - SOURCE OF ACQUISITION
Source of stock number/acquisition BPPD/VEN/Reserchkoo Boks
040 ## - CATALOGING SOURCE
Original cataloging agency dpl
Language of cataloging pn
082 ## - DEWEY DECIMAL CLASSIFICATION NUMBER
Classification number
100 ## - MAIN ENTRY--PERSONAL NAME
Personal name ਇੰਦਰ ਸਿੰਘ ਖ਼ਾਮੋਸ਼
245 ## - TITLE STATEMENT
Title ਕਰਜ਼ਈ ਸੁਪਨੇ /
Statement of responsibility, etc ਇੰਦਰ ਸਿੰਘ ਖ਼ਾਮੋਸ਼
246 ## - VARYING FORM OF TITLE
Title proper/short title Karzaee Supne
Remainder of title by Inder Singh Khamosh
260 ## - PUBLICATION, DISTRIBUTION, ETC. (IMPRINT)
Place of publication, distribution, etc Chandigarh
Name of publisher, distributor, etc Unistar Books
Date of publication, distribution, etc 2011
270 ## - ADDRESS
City Chandigarh
Address sco-26-27, sector-34 A
Telephone number 0172-5077427- 9815471219
Postal code 160022
300 4# - PHYSICAL DESCRIPTION
Extent 235p.
Dimensions 22ਸੇਂਮੀ (ਸਜਿਲੱਦ)
942 ## - ADDED ENTRY ELEMENTS (KOHA)
Source of classification or shelving scheme Dewey Decimal Classification
Item type Punjabi Bks
Classification part
Call number suffix ਇੰਦਰ
Holdings
Withdrawn status Lost status Source of classification or shelving scheme Damaged status Not for loan Collection code Home library Current library Date acquired Source of acquisition Cost, normal purchase price Total Checkouts Full call number Date last seen Copy number Cost, replacement price Koha item type Total Renewals Barcode
    Dewey Decimal Classification     Fiction Ashok Vihar Ashok Vihar 07/06/2017 BPPD/163/27-8-14/41629/18-9-14/8-10-14 250.00   ਓ ਇੰਦਰ 07/06/2017 1 250.00 Punjabi Bks   B-669999
    Dewey Decimal Classification     Fiction Central Library Central Library 11/09/2015 BPPD/163/27-8-14/41629/18-9-14/8-10-14 250.00 1 ਓ ਇੰਦਰ 25/03/2025 1 250.00 Punjabi Bks 1 B-578065
    Dewey Decimal Classification     Fiction D.B.Act.Division D.B.Act.Division 28/08/2014 DBAD / PUB 250.00   ਓ ਇੰਦਰ 28/08/2014 1 250.00 Punjabi Bks    
    Dewey Decimal Classification     Fiction Patel Nagar Patel Nagar 11/09/2015 BPPD/163/27-8-14/41629/18-9-14/8-10-14 250.00   ਓ ਇੰਦਰ 11/09/2015 1 250.00 Punjabi Bks   B-578066
    Dewey Decimal Classification     Fiction Sarojini Nagar Sarojini Nagar 11/09/2015 BPPD/163/27-8-14/41629/18-9-14/8-10-14 250.00   ਓ ਇੰਦਰ 11/09/2015 1 250.00 Punjabi Bks   B-578067
    Dewey Decimal Classification     Fiction Shahdara Branch Shahdara Branch 11/09/2015 BPPD/163/27-8-14/41629/18-9-14/8-10-14 250.00   ਓ ਇੰਦਰ 11/09/2015 1 250.00 Punjabi Bks   B-578068

© Delhi Public Library
Hit Counter
free hit counter